Clásicos de la Criminología (Registro nro. 3563)

Detalles MARC
000 -Cabecera
Campo de control de longitud fija 00566nam a22002297a 4500
005 - Fecha y hora de la última transacción
Campo de control 20260227150707.0
008 - Elementos de longitud fija--Información general
Campo de control de longitud fija 150303b2009 xxu||||| |||| 00| 0 ES d
020 ## - International Standard Book Number
Número Internacional Estándar del Libro (ISBN) 9789707680043
041 ## - Idioma
Código de idioma Español
082 ## - Clasificación Decimal Dewey
Número de clasificación 364 R696cl
100 ## - Entrada principal--Autor personal
Nombre personal Rodríguez Manzanera, Luis
9 (RLIN) 5025
245 ## - Título propiamente dicho
Título Clásicos de la Criminología
260 ## - Pie de imprenta
Lugar de publicación, distribución, etc. México
260 ## - Pie de imprenta
Nombre del editor, distribuidor, etc. Editorial Ubijus
260 ## - Pie de imprenta
Fecha de publicación, distribución, etc. 2006
300 ## - Descripción física
Extensión 346 páginas
490 ## - Serie
Título de la Serie Investigación Criminal
650 ## - Materia general
Temática (materia general) CRIMINOLOGÍA
650 ## - Materia general
Temática (materia general) DESIGUALDA
650 ## - Materia general
Temática (materia general) MEDICINA LEGAL
942 ## - Punto de acceso adicional KOHA
Tipo de ítem KOHA Libro
Fuente del sistema de clasificación o colocación Dewey Decimal Classification
Existencias
Signatura completa Código de barras Programa Académico Tipo de ítem
364 R696cl 18495 Investigación Criminal Libro
364 R696cl 17432 Investigación Criminal Libro